|
|
|
|
| LEADER |
00000naa0a2200000 4500 |
| 001 |
597485 |
| 005 |
20250206143332.0 |
| 035 |
|
|
|a (RuTPU)RU\TPU\tpu\20787
|
| 090 |
|
|
|a 597485
|
| 100 |
|
|
|a 20120221d1986 k y0rusy50 ca
|
| 101 |
0 |
|
|a rus
|
| 102 |
|
|
|a RU
|
| 200 |
1 |
|
|a Колебательный электропривод синхронизированный с частотой сети
|f А. В. Аристов [и др.]
|
| 330 |
|
|
|a Рекомендовано при разночастотном способе возбуждения колебательного режима асинхронного двигателя (АД) одну из фаз АД включать непосредственно в сеть, а другую-через преобразователь частоты (ПЧ), содержащий синхронизированный генератор с автоматической подстройкой по частоте. При этом необходимо устанавливать частоту генератора такой, чтобы она согласовывалась с частотой питающей сети с точностью до неизменного фазового сдвига.
|
| 333 |
|
|
|a В фонде НТБ ТПУ отсутствует
|
| 463 |
|
|
|t Электроприводы переменного тока с полупроводниковыми преобразователями
|o тезисы докладов 7 Научно-технической конференции, Свердловск, 25 февраля 1986 г.
|v С. 53-54
|d 1986
|
| 610 |
1 |
|
|a труды учёных ТПУ
|
| 701 |
|
1 |
|a Аристов
|b А. В.
|c российский ученый, специалист в области электротехники
|c профессор Томского политехнического университета, доктор технических наук
|f 1952-
|g Анатолий Владимирович
|3 (RuTPU)RU\TPU\pers\25508
|4 070
|
| 701 |
|
1 |
|a Ткалич
|b С. А.
|
| 701 |
|
1 |
|a Автайкин
|b В. И.
|
| 701 |
|
1 |
|a Шутов
|b Е. А.
|c специалист в области электроэнергетики
|c доцент Томского политехнического университета, кандидат технических наук
|f 1963-
|g Евгений Алексеевич
|3 (RuTPU)RU\TPU\pers\26338
|4 070
|9 12091
|
| 801 |
|
1 |
|a RU
|b 63413507
|c 20120221
|
| 942 |
|
|
|c BK
|